Cartas críticas periódicas dedicadas a la Facultad de Medicina y a toda clase de gentes (Record no. 103071)

MARC details
000 -LEADER
campo de control de longitud fija 00671nam a2200157 i 4500
001 - NÚMERO DE CONTROL
campo de control 103071
003 - IDENTIFICADOR DE NÚMERO DE CONTROL
campo de control ES-MaACL
005 - FECHA Y HORA DE LA ÚLTIMA TRANSACCIÓN
campo de control 20230906183248.0
007 - CAMPO FIJO DE DESCRIPCIÓN FÍSICA--INFORMACIÓN GENERAL
campo de control de longitud fija t|
008 - DATOS DE LONGITUD FIJA--INFORMACIÓN GENERAL
campo de control de longitud fija 060110q17901799sp ||||1| spa d
245 00 - MENCIÓN DEL TÍTULO
Título Cartas críticas periódicas dedicadas a la Facultad de Medicina y a toda clase de gentes
Resto del título : carta primera, en la que se da una idea general de todas las obras del doctor D. Guillermo Cullen... con una imparcialidad crítica de su falso sistema.
260 ## - PUBLICACIÓN, DISTRIBUCIÓN, ETC.
Lugar de publicación, distribución, etc. [Madrid] :
Nombre del editor, distribuidor, etc. en la imprenta de Josef Herrera,
Fecha de publicación, distribución, etc. [179-?]
300 ## - DESCRIPCIÓN FÍSICA
Extensión 16 p. ;
Dimensiones 20 cm.
600 14 - PUNTO DE ACCESO ADICIONAL DE MATERIA--NOMBRE DE PERSONA
Nombre de persona Cullen, William.
9 (RLIN) 42144
852 ## - LOCALIZACIÓN
Ubicación ES-MaACL
Número de control de estantería R-3431(13)
Holdings
Estatus retirado Estado de pérdida Estado de daño No para préstamo Colección Biblioteca de origen Biblioteca actual Ubicación en estantería Fecha de adquisición Fuente de adquisición Total de préstamos Signatura topográfica completa Código de barras Visto por última vez Precio de reemplazo Tipo de ítem Koha
        Libros del s. XVIII Biblioteca del Ateneo de Madrid Biblioteca del Ateneo de Madrid Depósito 17/01/2008     R-3431(13) 1107630 23/02/2023 23/02/2023 Libro impreso antiguo